Online
Catalog

Matemática II / (Record no. 374)

MARC details
000 -CABECERA
campo de control de longitud fija 00628nam a2200193 a 4500
001 - NÚMERO DE CONTROL
campo de control 000000375
005 - FECHA Y HORA DE LA ÚLTIMA TRANSACCIÓN
campo de control 20250710141410.0
008 - DATOS DE LONGITUD FIJA--INFORMACIÓN GENERAL
campo de control de longitud fija 081112s2007 dr a 000 0 spa d
040 ## - FUENTE DE LA CATALOGACIÓN
Centro catalogador/agencia de origen DO-SdBNP
Lengua de catalogación spa
Centro/agencia transcriptor BNPHU
082 ## - NÚMERO DE LA CLASIFICACIÓN DECIMAL DEWEY
Número de clasificación 510
Número de documento/Ítem P349m, 2007
100 ## - ENTRADA PRINCIPAL--NOMBRE DE PERSONA
Nombre de persona Peña Geraldino, Rafael
9 (RLIN) 1257
245 10 - MENCIÓN DE TÍTULO
Título Matemática II /
Mención de responsabilidad, etc. Rafael Peña Geraldino.
250 ## - MENCIÓN DE EDICIÓN
Mención de edición 3a ed.
260 ## - PUBLICACIÓN, DISTRIBUCIÓN, ETC.
Lugar de publicación, distribución, etc. Santo Domingo :
Nombre del editor, distribuidor, etc. Secretaría de Estado de Educación,
Fecha de publicación, distribución, etc. 2007.
300 ## - DESCRIPCIÓN FÍSICA
Extensión 299 p. :
Otras características físicas il. ;
Dimensiones 28 cm.
500 ## - NOTA GENERAL
Nota general A la cabeza del título: educación media
650 #0 - PUNTO DE ACCESO ADICIONAL DE MATERIA--TÉRMINO DE MATERIA
Término de materia o nombre geográfico como elemento de entrada Matemáticas
9 (RLIN) 1258
650 #4 - PUNTO DE ACCESO ADICIONAL DE MATERIA--TÉRMINO DE MATERIA
Término de materia o nombre geográfico como elemento de entrada Matemáticas
Subdivisión de forma PROBLEMAS , EJERCICIOS, ETC.
9 (RLIN) 1259
Holdings
Estado de retiro Estado de pérdida Restricciones de uso No para préstamo Código de colección Localización permanente Ubicación/localización actual Ubicación en estantería Fecha de adquisición Número de inventario Total de préstamos Signatura topográfica completa Código de barras Fecha visto por última vez Número de copia Precio válido a partir de Tipo de ítem Koha
      Préstamo en sala Dominicana de Servicio Biblioteca Nacional Pedro Henríquez Ureña Biblioteca Nacional Pedro Henríquez Ureña Depósito 24.07.2009 LF1   510 P349m, 2007 375-30 25.06.2020 e. 3 25.06.2020 Libros y folletos
      Préstamo restrigido Patrimonio Dominicano Biblioteca Nacional Pedro Henríquez Ureña Biblioteca Nacional Pedro Henríquez Ureña Depósito 24.07.2009 LF1   510 P349m, 2007 375-10 25.06.2020   25.06.2020 Libros y folletos
      Préstamo restrigido Patrimonio Dominicano Biblioteca Nacional Pedro Henríquez Ureña Biblioteca Nacional Pedro Henríquez Ureña Depósito 24.07.2009 LF1   510 P349m, 2007 375-20 25.06.2020 e. 2 25.06.2020 Libros y folletos

Powered by Koha